Приветствия 2-й Сессии ЦИК СССР 7-го созыва

Доступно только в Электронных читальных залах Найти на картеНа карте
RUSMARC
00004358nac2a22003013x 450
0013e588d48-9e12-4613-a4e8-c133f644d4d8
00520210719153715.0
100##$a20210612l1936 k y0rusy50 ca
1010#$arus
102##$aRU
105##$ay z |||||
1220#$ad19360131
1220#$ad193601
2001#$aПриветствия 2-й Сессии ЦИК СССР 7-го созыва
$jЯнварь 1936
215##$a41 лист
251##$cДело
300##$aЗаголовок дела на папке: Приветствия 2-й Сессии ЦИК Союза ССР VII-го созыва. Январь 1936 года
300##$aВ деле имеются телеграммы
300##$aМашинописный и рукописный текст
330##$aВходит в раздел описи: VII-й Съезд Советов. 2-я Сессия ЦИК СССР
461#0$1001796d4672-8a00-4986-b488-6e42273792cc
$12001
$aЦЕНТРАЛЬНЫЙ ИСПОЛНИТЕЛЬНЫЙ КОМИТЕТ СССР (ЦИК СССР)
$1251
$cФонд
$1852
$j3316
$gР
462#0$10012246e4af-064a-4b66-b386-cae0ddb7fb2d
$12001
$aДела 7-го Съезда Советов и 1-й, 2-й, 3-й, 4-й Сессий 7-го созыва. 1935-1937 гг.
$vД. 157
$1251
$cОпись
$1852
$j7
5171#$aПриветствия 2-й Сессии ЦИК Союза ССР VII-го созыва. Январь 1936 года
60101$3RU\NLR\AUTH\880357276
$aСССР
$bЦИК
60102$3RU\NLR\AUTH\880399376
$aСССР
$bЦИК
$bСозыв
$c7
$bСессия
$d2
801#0$aRU
$bGA_RF
801#1$aRU
$bГлавНИВЦ
$c20210612
$2rusmarc
801#2$aRU
$bПБ им. Б.Н. Ельцина
$c20210719
$gRCR
$2rusmarc
852##$aГА РФ
$j157
937##$d166409434
$hГАРФ
035##$aRuPRLIB51060612
856##$uhttp://readingroom.main.prlib.ru/item.aspx?id_node=n166409434&mode=full
Формат отображения